Top 50 Best Rock Albums of All Time - Statistics

General Stats
  • This quiz has been taken 138 times
  • The average score is 19 of 50
Answer Stats
Rank Artist Answer % Correct
1 Pink Floyd The Dark Side Of The Moon
89%
3 AC/DC Back In Black
88%
2 Guns N' Roses Appetite For Destruction
78%
11 The Beatles Abbey Road
73%
4 Metallica Master Of Puppets
73%
12 Pink Floyd The Wall
65%
6 Queen A Night At The Opera
61%
42 Nirvana Nevermind
60%
30 AC/DC Highway To Hell
54%
20 Black Sabbath Paranoid
54%
18 The Beatles Revolver
54%
26 Metallica The Black Album
52%
37 Fleetwood Mac Rumours
50%
27 Pearl Jam Ten
50%
50 The Clash London Calling
49%
22 Black Sabbath Black Sabbath
46%
47 Radiohead OK Computer
46%
49 Metallica Ride The Lightning
46%
10 Led Zeppelin Physical Graffiti
45%
41 Van Halen Van Halen
44%
28 Bruce Springsteen Born To Run
42%
40 Beach Boys Pet Sounds
42%
25 The Bealtes The Beatles
42%
44 The Who Who's Next
41%
14 Pink Floyd Wish You Were Here
39%
39 Metallica ...And Justice For All
38%
7 The Beatles Sgt. Pepper's Lonely Hearts Club Band
37%
9 Iron Maiden The Number Of The Beast
36%
5 Led Zeppelin IV
33%
17 Def Leppard Hysteria
30%
15 The Rolling Stones Exile On Main Street
29%
46 Led Zeppelin II
29%
16 Rush Moving Pictures
28%
19 Deep Purple Machine Head
23%
34 Slayer Reign In Blood
22%
33 Rush 2112
21%
31 Iron Maiden Powerslave
21%
38 Megadeth Rust In Peace
21%
13 Yes Close To The Edge
18%
35 David Bpwie The Rise & Fall Of Ziggy Stardust And The Spiders From Mars
16%
48 AC/DC Let There Be Rock
15%
24 Tool Lateralus
14%
8 AC/DC Powerage
14%
45 Iron Maiden Seventh Son Of A Seventh Son
14%
36 KISS Alive!
13%
29 Faith No More Angel Dust
13%
43 The Who Quadrophenia
13%
23 Rainbow Rising
9%
32 Queensryche Operation : Mindchrime
8%
21 Deep Purple Made In Japan
6%
No matching quizzes found
Score Distribution
Percent of People with Each Score
Percentile by Number Answered
Your Score History
You have not taken this quiz